000 00255nam a22001217a 4500
008 180306b xxu||||| |||| 00| 0 eng d
041 _aeng
080 _a91
100 _a42
101 _aGJEO
245 _aA partial eclipse
_cGamma,E
942 _2udc
_cBK
999 _c44208
_d44208